| 000 | 00567nam a22001817a 4500 | ||
|---|---|---|---|
| 999 |
_c9276 _d9276 |
||
| 003 | AR-CdUCM | ||
| 008 | 190327b ||||| |||| 00| 0 spa d | ||
| 040 |
_aMUNICIPALIDAD PROVINCIAL DEL CUSCO _cBIBLIOTECA MUNICIPAL DEL CUSCO |
||
| 082 |
_aSI-0056 / _bBAR / kap |
||
| 100 |
_aBarquero, Manuel _925374 |
||
| 245 |
_aKapeshi : _buna historia entre machiyengas / |
||
| 260 |
_aLima : _bSantillana, _c2015. |
||
| 300 |
_a39 páginas ; _bIlustraciones. _c22.5 cm. |
||
| 650 |
_aCuentos Infantiles _93830 |
||
| 650 |
_aSiglo XXI _92856 |
||
| 942 |
_2ddc _cLIBROS |
||
| 945 | _aafb | ||